| 000 | 00820nam a22002297a 4500 | ||
|---|---|---|---|
| 005 | 20130913143756.0 | ||
| 010 | _aENG-108149 | ||
| 020 |
_a9798170580255 _c200.00 |
||
| 035 | _aEN-91682 | ||
| 037 | _bDBAD/PUB | ||
| 082 | _a181.499 | ||
| 245 |
_aSri Aurobindo and the freedom of India : _cedited by Chanda Poddar, Mona Sarkar [and] Bob Zwicker _bselection from the works of Sri Auorbindo with supplymentary notes and texts / |
||
| 250 | _a2nd ed | ||
| 260 |
_aPondicherry _bSri Aurobindo Ashram _c2012 |
||
| 270 |
_bPondicherry _e605002 _aSri Aurobindo Ashram Publication Department |
||
| 300 |
_axix,280p. : _c20cm(pbk) _bill. |
||
| 500 | _aIncludes bibliographical references | ||
| 700 | _aPoddar, Chanda | ||
| 700 | _aMona Sarkar | ||
| 700 | _aZwicker, Bob | ||
| 942 |
_2ddc _cEN _mAUR _h181.499 |
||
| 999 |
_c78074 _d78074 |
||